| 000 | 00438nam a22001457a 4500 | ||
|---|---|---|---|
| 082 |
_a297.122 _bQUR _cL-40, P-09 |
||
| 100 |
_aZafar iqbal Chaudhry _947258 |
||
| 245 |
_aنور الہدایہ _cZafar iqbal Chaudhry |
||
| 260 |
_aQuetta _bCommand and staff college |
||
| 300 |
_av, 463 p. _btext _c24 cm |
||
| 526 |
_a0 _b0 _c0 _d297_122000000000000_QUR |
||
| 526 |
_a0 _b0 _c0 _d297_122000000000000_QUR |
||
| 650 |
_aMCE _9379 |
||
| 942 |
_2ddc _cBK |
||
| 999 |
_c550560 _d550560 |
||